Appointment of four members of the Board of Managers of the National Home for Disabled Volunteer Soldiers.

Bibliographic Details
Corporate Authors: United States. Congress. House. Committee on Military Affairs, ProQuest (Firm)
Format: eBook
Language:English
Published: Washington : [publisher not identified], 1917.
Series:United States congressional serial set.
Subjects:
Online Access:Connect to the full text of this electronic book

MARC

Tag First Indicator Second Indicator Subfields
LEADER 00000cam a22000001a 4500
001 in00003060121
005 20190402190003.0
006 m o d
007 cr un mmmapmmp
008 070820s1917 dcu o f000 0 eng d
035 |a cis2004153235 
040 |a UMI  |c UMI  |d UtOrBLW 
043 |a n-us--- 
099 |a ProQuest Serial Set Number 7110 H.rp.1420 
110 1 |a United States.  |b Congress.  |b House.  |b Committee on Military Affairs. 
245 1 0 |a Appointment of four members of the Board of Managers of the National Home for Disabled Volunteer Soldiers. 
246 1 |a Appointment of four members of Board of Managers of National Soldiers' Home, with minority report 
264 1 |a Washington :  |b [publisher not identified],  |c 1917. 
300 |a 1 online resource. 
336 |a text  |b txt  |2 rdacontent 
337 |a computer  |b c  |2 rdamedia 
338 |a online resource  |b cr  |2 rdacarrier 
490 0 |a H.rp.1420 
500 |a Record is based on bibliographic data in ProQuest U.S. Serial Set Digital Collection (last viewed Aug. 2007). Reuse except for individual research requires license from ProQuest, LLC. 
510 3 |a ProQuest U.S. Serial Set Digital Collection 
500 |a Electronic resource. 
610 2 0 |a National Home for Disabled Volunteer Soldiers. 
650 0 |a Public service employment. 
650 0 |a Executive advisory bodies. 
655 7 |a Electronic books.  |2 local 
710 2 |a ProQuest (Firm) 
830 0 |a United States congressional serial set. 
856 4 0 |u http://proxy.library.tamu.edu/login?url=http://congressional.proquest.com/congcomp/getdoc?SERIAL-SET-ID=7110+H.rp.1420  |z Connect to the full text of this electronic book  |t 0 
999 |a MARS 
999 f f |s de1bf1d2-6013-339f-82a9-458286ca3ebe  |i 13bd4627-80fb-3b84-9bba-5df9830df118  |t 0 
952 f f |a Texas A&M University  |b College Station  |c Electronic Resources  |d Available Online  |t 0  |e ProQuest Serial Set Number 7110 H.rp.1420  |h Other scheme 
998 f f |a ProQuest Serial Set Number 7110 H.rp.1420  |t 0  |l Available Online